| 000 | 00621nam a22001937a 4500 | ||
|---|---|---|---|
| 008 | 090212t xxu||||| |||| 00| 0 eng d | ||
| 020 | _a9780199299539 | ||
| 082 |
_222 _a342 _bCLE |
||
| 100 |
_92123 _aClements, Richard, _d1954- |
||
| 245 |
_aPublic law/ _cRichard Clements, Jane Kay. |
||
| 250 | _a4th ed., 2007-2008 | ||
| 260 |
_aOxford : _bOxford University Press, _c2007 |
||
| 300 |
_a xvi, 200 p. ; _c24 cm. |
||
| 490 | _aQuestions & Answers. | ||
| 500 | _aIncludes index. | ||
| 650 |
_92124 _aPublic law _v-- Examinations, questions, etc. _z--Great Britain |
||
| 700 |
_92125 _aKay, Jane. |
||
| 942 |
_2ddc _cBB |
||
| 999 |
_c10828 _d10828 |
||